000 00494nam a2200169Ia 4500
999 _c20043
_d20043
003 OSt
005 20200706102725.0
008 190216s9999||||xx |||||||||||||| ||und||
020 _a0631177507
040 _coclc
082 _a940.22
_bTHO/L
100 _aThompson, J M
_93538
245 0 _aLectures On Foreign History 1494-1789 /
_cJ M Thompson
260 _bA Blackwell, Oxford,
_c1965.
_aNew York:
300 _a348p
942 _cBK
_2ddc
_h940.22
_iTHO/L
_k940.22
_mTHO/L